|
|
|
|
| LEADER |
00000nam0a2200000 4500 |
| 001 |
14858 |
| 005 |
20231101204958.0 |
| 010 |
|
|
|a 5756702172
|
| 035 |
|
|
|a (RuTPU)RU\TPU\book\14957
|
| 035 |
|
|
|a BOOK00015026
|
| 090 |
|
|
|a 14858
|
| 100 |
|
|
|a 20011209d1999 m y0rusy50 ca
|
| 101 |
0 |
|
|a rus
|
| 102 |
|
|
|a RU
|
| 105 |
|
|
|a y j 000zy
|
| 200 |
1 |
|
|a Сравнительное изучение цивилизаций
|e хрестоматия
|f сост. Б. С. Ерасов
|
| 210 |
|
|
|a Москва
|c Аспект Пресс
|d 1999
|
| 215 |
|
|
|a 556 с.
|
| 451 |
|
1 |
|0 (RuTPU)RU\TPU\book\10336
|y 5756702172
|t Сравнительное изучение цивилизаций
|o хрестоматия
|f Сост. Б. С. Ерасов
|c М.
|n Аспект Пресс
|d 1998
|p 556 с.
|
| 606 |
1 |
|
|a Цивилизации
|x История
|2 stltpush
|3 (RuTPU)RU\TPU\subj\58884
|9 76578
|
| 610 |
1 |
|
|a история
|
| 610 |
1 |
|
|a всемирная история
|
| 610 |
1 |
|
|a цивилизации
|
| 610 |
1 |
|
|a социология
|
| 610 |
1 |
|
|a социокультурная регуляция
|
| 610 |
1 |
|
|a учебные пособия
|
| 610 |
1 |
|
|a хрестоматии
|
| 686 |
|
|
|a Т3(0):Ю632я73
|v LBC/SL-A
|2 rubbk
|
| 686 |
|
|
|a С55я73
|v LBC/SL-A
|2 rubbk
|
| 702 |
|
1 |
|a Ерасов
|b Б. С.
|g Борис Сергеевич
|4 220
|
| 801 |
|
0 |
|a RU
|b 63413507
|c 20011209
|g PSBO
|
| 801 |
|
2 |
|a RU
|b 63413507
|c 20230323
|g PSBO
|
| 900 |
|
|
|a История мировой цивилизации
|
| 900 |
|
|
|a Культурология
|
| 900 |
|
|
|a История мировых цивилизаций
|
| 942 |
|
|
|c BK
|